Land vs. Land #94 - Statistiken

Allgemein
  • Dieses Quiz wurde 24 mal gespielt
    18 seit der letzten Aktualisierung
  • Das Durchschnittsergebnis liegt bei 13 aus 14
Antwortstatistiken
Frage Antwort % Korrekt
...Bruttoinlandsprodukt? Niederlande🇳🇱
100%
...Bruttoinlandsprodukt pro Kopf? Niederlande🇳🇱
100%
...Tourismus? Niederlande🇳🇱
100%
...HDI (Human Development Index)? Niederlande🇳🇱
100%
...Happy Planet Index? Niederlande🇳🇱
100%
...Gesundheitswesen? Niederlande🇳🇱
100%
...Frieden? Niederlande🇳🇱
100%
...durchschnittlicher IQ? Niederlande🇳🇱
100%
...Gewinner? Niederlande🇳🇱
100%
...Fläche? Usbekistan🇺🇿
100%
...Lebenserwartung? Niederlande🇳🇱
94%
...Exportmengen? Niederlande🇳🇱
88%
...Militär? Usbekistan🇺🇿
59%
...Einwohner? Usbekistan🇺🇿
47%
Keine übereinstimmenden Quizze gefunden
Verteilung der Resultate
Anzahl Personen mit jedem Resultat
Perzentil nach korrekt beantworteten Fragen
Ihre Resultats-Entwicklung
Sie haben dieses Quiz seit der letzten Aktualisierung nicht gespielt